<?xml version="1.0" encoding="UTF-8"?>
<marc:record xmlns:marc="http://www.loc.gov/MARC21/slim">
   <marc:leader>00000nam a2200000 a 4500</marc:leader>
   <marc:datafield ind1="1" ind2=" " tag="100">
      <marc:subfield code="a">Menon, Sandhya</marc:subfield>
      <marc:subfield code="4">aut</marc:subfield>
      <marc:subfield code="e">Verfasser/-in</marc:subfield>
   </marc:datafield>
   <marc:datafield ind1=" " ind2=" " tag="653">
      <marc:subfield code="a">USA</marc:subfield>
   </marc:datafield>
   <marc:datafield ind1=" " ind2=" " tag="653">
      <marc:subfield code="a">Liebesgeschichte</marc:subfield>
   </marc:datafield>
   <marc:datafield ind1=" " ind2=" " tag="653">
      <marc:subfield code="a">Kulturen</marc:subfield>
   </marc:datafield>
   <marc:datafield ind1=" " ind2=" " tag="653">
      <marc:subfield code="a">Indien</marc:subfield>
   </marc:datafield>
   <marc:datafield ind1=" " ind2=" " tag="653">
      <marc:subfield code="a">Migration</marc:subfield>
   </marc:datafield>
   <marc:datafield ind1="0" ind2="0" tag="245">
      <marc:subfield code="a">Zufällig vorherbestimmt</marc:subfield>
   </marc:datafield>
   <marc:datafield ind1=" " ind2="1" tag="264">
      <marc:subfield code="b">Carlsen</marc:subfield>
      <marc:subfield code="c">2020</marc:subfield>
   </marc:datafield>
   <marc:datafield ind1="1" ind2=" " tag="520">
      <marc:subfield code="a">Angaben aus der Verlagsmeldung        Zufällig vorherbestimmt When Dimple Met Rishi / von Sandhya Menon           Eine wunderschöne Liebesgeschichte mit besonderem Twist!     Dimple Shah weiß, was sie will. Ihr Hobby ist Programmieren und sie freut sich schon riesig auf ihr Informatikstudium. Vor allem aber ist sie froh über etwas Abstand von ihren Eltern, die ständig nur davon reden, den »perfekten indischen Ehemann« für sie zu finden. Sie haben sogar schon einen im Visier: Rishi Patel ist ein herzensguter Typ mit Sinn für Romantik  und für Tradition. Im Gegensatz zu Dimple hat er nichts gegen eine arrangierte Ehe und ist fest entschlossen, seiner Auserkorenen den Hof zu machen. Dimple ist zuerst schwer genervt  und dann plötzlich ziemlich durcheinander</marc:subfield>
   </marc:datafield>
   <marc:datafield ind1="3" ind2=" " tag="024">
      <marc:subfield code="a">9783551584137</marc:subfield>
   </marc:datafield>
</marc:record>
